000 00657nam a22002177a 4500
999 _c15154
_d15154
003 MIRAKIL
005 20230220124026.0
008 230220b tu ||||| |||| 00| 0 tur d
020 _a9789754372762
040 _aTR-AnCHP
_cTR-AnCHP
041 _atur
082 _a813.42
_bN59ç 2016
100 _aNiyazi, Mehmet
245 1 0 _aÇanakkale mahşeri :
_b(roman) /
_cMehmed Niyazi.
260 _aİstanbul :
_bÖtüken Neşriyat,
_c2016.
300 _a448 s. ;
_c22 sm.
490 0 _aÖtüken Neşriyat ;
_aEdebi eserler ;
_vyayın nu: 409.
_v207.
650 0 _919
_aTürk edebiyatı
_xRoman
650 0 _95121
_aÇanakkale savaşı
942 _2ddc
_cBKS